A note on the theory of public goods and "bluffing" (Registro nro. 25759)

Detalles MARC
000 -LEADER
fixed length control field 00344 a2200109 4500
001 - CONTROL NUMBER
control field ART_11708
005 - DATE AND TIME OF LATEST TRANSACTION
control field 20260410161859.0
008 - FIXED-LENGTH DATA ELEMENTS--GENERAL INFORMATION
fixed length control field 260409a
100 1# - MAIN ENTRY--PERSONAL NAME
Personal name Johnson, Harry G.
245 10 - TITLE STATEMENT
Title A note on the theory of public goods and "bluffing"
773 0# - HOST ITEM ENTRY
Title Journal of public economics
Related parts - Vol. 7, Nº 3 (jun. 1977)
Record control number REV11485

No hay ítems disponibles.